00341nam a2200109Ia 4500008004100000082000800041100001900049245004500068942000600113952009700119999001500216240331s9999 xx 000 0 und d bBHA aBhasin, Kamla  0aFeminism and its Relevance in South Asia cL 001040708LaWERCLbWERCLcSSCd2024-03-31l0o 305.4 BHAp1785r2024-03-31w2024-03-31yL c4405d4405